У переднего края: Повести, киносценарий, фронтовые очерки

Dettagli Bibliografici
Autore principale: Гайдар А. П. Аркадий Петрович
Altri autori: Рыжов В. Н. (иллюстратор)
Lingua:russo
Pubblicazione: Москва, Воениздат, 1988
Serie:Библиотека юного патриота О Родине, подвигах, чести
Soggetti:
Natura: Libro
KOHA link:https://koha.lib.tpu.ru/cgi-bin/koha/opac-detail.pl?biblionumber=134736

MARC

LEADER 00000nam0a2200000 4500
001 134736
005 20231101220515.0
010 |a 5203000980 
020 |a RU  |b 88-19977 
035 |a (RuTPU)RU\TPU\book\146043 
090 |a 134736 
100 |a 20080403d1988 m y0rusy5003 ca 
101 0 |a rus 
102 |a RU 
105 |a a z 000ay 
200 1 |a У переднего края  |e Повести, киносценарий, фронтовые очерки  |f А. П. Гайдар  |g худож. В. Н. Рыжов 
210 |a Москва  |c Воениздат  |d 1988 
215 |a 309,[2] с.  |c ил.  |d 17 см 
225 1 |a Библиотека юного патриота  |a О Родине, подвигах, чести 
327 1 |a Содерж.: Повести: Р.В.С.; Военная тайна; Тимур и его команда; Клятва Тимура: Киносценарий; Фронтовые очерки: У переправы; Мост; Война и дети; У переднего края; Ракеты и гранаты 
610 1 |a советская литература 
610 1 |a повести 
610 1 |a киносценарии 
610 1 |a очерки 
675 |a Р2  |z rus 
700 1 |a Гайдар  |b А. П.  |c настоящая фамилия Голиков  |c русский писатель  |f 1904-1941  |g Аркадий Петрович  |2 stltpush  |3 (RuTPU)RU\TPU\pers\3671  |9 807 
702 1 |a Рыжов  |b В. Н.  |4 440 
801 0 |a RU  |b RuMRKP  |c 19950417  |g psbo 
801 1 |a RU  |b 63413507  |c 20080403  |g PSBO 
801 2 |a RU  |b 63413507  |c 20080403  |g PSBO 
942 |c BK